00545nam a2200157 i 450000100060000000300090000600500170001500700030003200800410003510000260007624501690010226000440027130000210031571000280033685200230036424073ES-MaACL20230906153001.0t|021213s1921 sp ||||1| spa d1 aAmor y Rico, Antonio.10aAlgunos datos sobre las aguas potables de Granada b: discurso leído en la apertura del curso de 1921 a 1922 en la Universidad de Granada / cAntonio Amor y Rico. aGranada : bLibrería Guevara, c1921. a84 p. ; c29 cm.2 aUniversidad de Granada. aES-MaACLj1612-F-6